00382pab a2200133 454500008004000000100001700040245008800057260000900145300001300154362000800167650003300175650001100208773002900219180718b2009 xxu||||| |||| 00| 0 eng d aJha, Nimisha aA glimpse into the facilities in hostels for tribal students - a case study of Pune c2009 ap.21-24. aSep aTribes - India - Maharashtra aTribes aTribal Research Bulletin